Quellen zur Reformation 1517-1555

Furkejuvvon:
Bibliográfalaš dieđut
Váldodahkki: Kastner, Ruth (Dahkki)
Materiálatiipa: Girji
Giella:duiskkagiella
Almmustuhtton: Darmstadt Wissenschaftliche Buchgesellschaft 1994
Preanttus:1a. ed
Ráidu:Ausgewählte Quellen zur Deutschen Geschichte der Neuzeit
Fáttát:
Fáddágilkorat: Lasit fáddágilkoriid
Eai fáddágilkorat, Lasit vuosttaš fáddágilkora!

MARC

LEADER 00000cam a2200000 a 4500
001 UCD4272
003 CL-VaPUC
008 160701e19940000gw |||||||||||||||||ger|d
020 |a 3534048326 
082 0 4 |a 940.23  |b KAS  |2 21 
100 0 |a Kastner, Ruth  |e author  |9 587929 
245 1 0 |a Quellen zur Reformation 1517-1555 
250 |a 1a. ed 
300 |a 553 p 
942 |c BK 
945 |d 20160701 20:49:00  |a arojas 
260 |a Darmstadt  |b Wissenschaftliche Buchgesellschaft  |c 1994 
650 7 |a REFORMA SIGLO 16  |2 CL-VaPUC  |9 587930 
650 0 |a Historia de Alemania  |9 431857 
651 0 |a Alemania  |9 255688 
583 |a last modification  |c 20160701 20:49:00  |k Rodrigo Vera 
490 0 |a Ausgewählte Quellen zur Deutschen Geschichte der Neuzeit 
999 |c 365210  |d 365208 
952 |0 0  |1 0  |3 erd  |4 0  |6 940_230000000000000_KAS_1994  |7 0  |8 A  |9 478999  |a FDOHBE  |b FDOHBE  |e Huesbe Llanos, Marco Antonio, 1934-  |i 5333156  |o 940.23 KAS 1994  |p 5333156  |r 2024-01-30  |w 2019-11-24  |y BK  |z Catalogado en:20160701  |k HBE